UFC Champions - Statistics

General Stats
  • This quiz has been taken 2,900 times
    143 since last reset
  • The average score is 90 of 144
Answer Stats
Title Reign Answer % Correct
2018-20 Khabib Nurmagomedov
97%
2024-25 | 2025- Ilia Topuria
96%
2015-16 | 2016-18 Conor McGregor
95%
2022-25 | 2025- Islam Makhachev
95%
2011-15 | 2018-20 | 2023-25 Jon Jones
95%
2010-15 | 2016-17 Jose Aldo
95%
2019-24 | 2025- Alexander Volkanovski
94%
2021-22 Charles Oliveira
94%
2012-18 Demetrious Johnson
94%
2022-23 | 2023-25 | 2025-26 Alex Pereira
91%
2015-18 | 2018-19 Daniel Cormier
91%
2017-19 Max Holloway
91%
2019-22 | 2023 Israel Adesanya
90%
2025-26 Khamzat Chimaev
90%
2025- Tom Aspinall
90%
2023-25 Alexandre Pantoja
89%
2023-24 | 2026- Sean Strickland
89%
2020-21 | 2025- Petr Yan
88%
2023-24 Sean O'Malley
87%
2025- Joshua Van
86%
2016-18 | 2019-21 Stipe Miocic
86%
2006-13 Anderson Silva
84%
2021-23 Aljamain Sterling
83%
2006-07 | 2008-13 | 2017 Georges St-Pierre
83%
2018-20 | 2019-20 Henry Cejudo
83%
2022-24 Leon Edwards
83%
2024-25 Merab Dvalishvili
83%
2024-25 Dricus Du Plessis
82%
2022 Jiri Prochazka
82%
2019-22 Kamaru Usman
82%
2026- Carlos Ulberg
81%
2025 Jack Della Maddalena
80%
2024-25 Belal Muhammad
78%
2010-14 | 2016 Dominick Cruz
77%
2021-23 Francis Ngannou
77%
2025 Magomed Ankalaev
77%
2021-22 | 2022-23 Brandon Moreno
76%
2016 Eddie Alvarez
76%
2017-19 Robert Whittaker
74%
2014-16 | 2017-19 TJ Dillashaw
74%
2023 Jamahal Hill
71%
2004 | 2008-10 BJ Penn
70%
2016-17 Michael Bisping
70%
2016-19 Tyron Woodley
70%
2008-10 Brock Lesnar
68%
2016-17 Cody Garbrandt
68%
2020-21 Jan Blachowicz
68%
2020-21 | 2022 Deiveson Figueiredo
66%
2021-22 Glover Teixeira
66%
2015-16 Rafael Dos Anjos
63%
2016-21 | 2018-23 | 2022-24 Amanda Nunes
62%
2001-04 | 2004-06 Matt Hughes
61%
2012-15 Ronda Rousey
61%
2013-15 Chris Weidman
60%
2007-08 Matt Serra
60%
2010-11 | 2012-15 Cain Velasquez
59%
2018-23 | 2024- Valentina Shevchenko
58%
2013-15 Anthony Pettis
57%
2005-07 Chuck Liddell
56%
2010-12 Frankie Edgar
55%
1997-98 | 2000-02 | 2003-04 | +2 others Randy Couture
54%
2019-21 | 2022-25 Zhang Weili
54%
2011-12 Junior Dos Santos
52%
2014 Renan Barao
52%
2012-13 Benson Henderson
51%
2014-16 Robbie Lawler
51%
2009-10 Lyoto Machida
48%
2007-08 Quinton Jackson
48%
2025- Kayla Harrison
47%
2023-24 Alexa Grasso
46%
2015-16 Luke Rockhold
46%
2010-11 Mauricio Rua
45%
2017-19 | 2021-22 Rose Namajunas
45%
2000-03 Tito Ortiz
45%
2025- Mackenzie Dern
44%
2015-16 Fabricio Werdum
43%
2004-05 Frank Mir
43%
2014 Johny Hendricks
42%
2006-07 Sean Sherk
42%
1997-99 Frank Shamrock
41%
2015-17 Joanna Jędrzejczyk
41%
2021-22 | 2024-25 Julianna Peña
41%
2004 Vitor Belfort
41%
2015-16 Holly Holm
40%
2001-02 Jens Pulver
40%
2017-18 Cristiane Justino
35%
2008-09 Rashad Evans
33%
2008 Forrest Griffin
32%
1997 Mark Coleman
31%
1999 Bas Rutten
30%
2024 Raquel Pennington
30%
2003 | 2006-07 Tim Sylvia
30%
2001 Carlos Newton
29%
1999-00 Kevin Randleman
28%
2005-06 Rich Franklin
28%
2005-06 Andrei Arlovski
27%
1998-01 Pat Miletich
27%
2014-15 | 2022 Carla Esparza
24%
2019 Jessica Andrade
23%
2016 Miesha Tate
23%
1997 Maurice Smith
22%
2002-03 Ricco Rodriguez
19%
2005 Evan Tanner
17%
2017 Germaine de Randamie
17%
2002 Josh Barnett
17%
2002 Murilo Bustamante
15%
2017-18 Nicco Montaño
13%
2001-02 Dave Menne
12%
No matching quizzes found
Score Distribution
Percent of People with Each Score
Percentile by Number Answered
Your Score History
You have not taken this quiz since the last reset